|
|
|
|
| LEADER |
00816nam a2200229 a 4500 |
| 001 |
0009730 |
| 008 |
111017s2002 nyua 001 0 eng d |
| 020 |
|
|
|a 1590590066
|
| 040 |
|
|
|a DLC
|c DLC
|d DLC
|d BD-DhAAL
|
| 082 |
0 |
0 |
|a 005.133
|2 22
|
| 100 |
1 |
|
|a Hetland, Magnus Lie.
|
| 245 |
1 |
0 |
|a Practical Python /
|c Magnus Lie Hetland.
|
| 260 |
|
|
|a New York, NY :
|b Apress,
|c c2002.
|
| 300 |
|
|
|a xxi, 619 p. :
|b ill. ;
|c 24 cm.
|
| 500 |
|
|
|a Includes index.
|
| 500 |
|
|
|a "The expert's voice" Cover.
|
| 541 |
|
|
|e 0009730
|
| 650 |
|
0 |
|a Python (Computer program language)
|
| 852 |
1 |
|
|a Ayesha Abed Library
|j General shelf
|
| 942 |
0 |
0 |
|0 1
|
| 999 |
|
|
|c 11340
|d 11340
|
| 952 |
|
|
|0 0
|1 0
|2 ddc
|4 0
|6 005_133000000000000_HET
|7 0
|9 18416
|a BRACUL
|b BRACUL
|c GEN
|d 2011-10-18
|l 28
|m 168
|o 005.133 HET
|p 3010009730
|r 2026-05-18
|s 2024-09-05
|t 1
|w 2011-10-18
|y BK
|x Available
|